000 00639cam a2200193 4500
008 000000n1999 000 0 eng u
035 _a(Sirsi) u103142
100 _aDraper, M.
245 _aLease surrenders
260 _c1999
490 _aSolicitors' Journal
_v 143(45) 26 November 1999, 1120-1121(2)
520 _aExamines the implications of "Allen v Rochdale BC", which adds new thinking to surrenders of leases by operation of law.
590 _aABS
650 _aALLEN V ROCHDALE BC
650 _aSURRENDER OF LEASES
650 _aLAW OF PROPERTY ACT 1925 S52(2)(C)
690 _aLANDLORD AND TENANT-LEASES
942 _n0
999 _c61992
_d61992